000 02122nam a2200265Ia 4500
008 0000001996 sp ad 0000000000mul00
020 _a8448212312
090 _aPSP00 P27s
100 1 _aPérez Rojas, Javier
245 1 0 _aLos Sorolla de Valencia = Sorolla
_b: paintings from Valencia
_c/ textos Javier Pérez Rojas, con la colaboración de Juan de Plácido ; traducciones Manuel García Castellanos, Agustín Nieto, Brendan Lambe
300 _a221 p.
_c/ 28 cm.
500 _aExposición realizada en Museo de Arte de Ponce, 1996 \ Texto bilingue: español inglés \ Proyecto Ganador Programa Apoyos Concertados FGAA 2010
501 _aSorolla, atrapando impresiones = Sorolla, capturing, impressions / Javier Pérez Rojas Los Sorolla de Valencia = Sorolla, paintings from Valenca Otras pinturas de Sorolla en Colecciones particulares valencianas = Other paintings of Sorolla in Valencian private collections
505 _aOBRAS : Majo levantino El palleter declarando la guerra a Napoleón Tres cabezas de estudio Bacante El niño de la bola Crucificado o el buen ladrón (San Dimas) La virgen María Boceto de triste herencia Playa de valencia, pescadoras Pescadoras valencianas Rafaga de viento Al agua Mi familia Retrato del matrimonio García María, convaleciente Clotilde en la ventana Retrato de Jaraño El conde Artal Retrato de estanislao Granzow Don amalio Gimeno La grupa Boceto del baile Patio del Cabañal Otoño en la granja Paisaje de Oriamendi Playa de Biarritz Figuras sentadas en la playa de San Sebastian Señoras en un banco del paseo de La Concha, San Sebastián Horno
600 0 0 _aSOROLLA, JOAQUIN, 18631923/
_xTRABAJOS PICTORICOS
650 1 4 _aARTE CONTEMPORANEO ESPAÑOL
650 1 4 _aARTISTAS PLASTICOS ESPAÑOLES EXPOSIONES
650 1 4 _xCATALOGOS
650 1 4 _xEXPOSICIONES
650 1 4 _aPINTORES ESPAÑOLES
650 1 4 _aPINTURA AL OLEO
650 1 4 _aPINTURA ESPAÑOLA
700 1 _aPlácido, Juan de \ García Castellanos, Manuel \ Nieto, Agustín \ Lambe, Brendan
999 _c12263
_d12263
260 _aValencia : Generalitat Valenciana
_c1996